000 00473nam a2200169 i 4500
001 33581
003 ES-MaACL
005 20230906154801.0
007 t|
008 030202s1972 sp ||||1| spa d
100 1 _aBlanch, Montserrat.
_929133
245 1 3 _aEl arte gótico en España /
_cMontserrat Blanch.
260 _aBarcelona :
_bPolígrafa,
_c[1972]
300 _a378 p., 48 lám. ;
_c23 cm.
500 _aEd. multilingüe.
852 _aES-MaACL
_jC-42609
_bR.81776
999 _c33581
_d33581